00274nam a22000737a 4500008004100000040005500041245005600096260004800152240801b |||||||| |||| 00| 0 eng d aNational Science LibrarycNational Science Library aComputer software management and information center aWashington: bUniversity of Georgia, c1983